[Event "FRA-chT poule haute"]
[Site "France"]
[Date "2003.05.07"]
[Round "8.1"]
[White "Tkachiev, Vladislav"]
[Black "Rausis, Igors"]
[Result "1-0"]
[WhiteElo "2642"]
[BlackElo "2537"]
[Annotator "Tsesarsky,I"]
[PlyCount "77"]
[EventDate "2003.05.07"]
[EventType "team"]
[EventRounds "4"]
[EventCountry "FRA"]
[SourceTitle "CBM 095"]
[Source "ChessBase"]
[SourceDate "2003.07.25"]
[SourceVersion "1"]
[SourceVersionDate "2003.07.25"]
[SourceQuality "1"]
[WhiteTeam "Cannes"]
[BlackTeam "Gonfreville"]
[WhiteTeamCountry "FRA"]
[BlackTeamCountry "FRA"]

1. d4 d5 2. c4 e6 3. Nf3 Nf6 4. Nc3 c5 5. cxd5 Nxd5 6. e4 Nxc3 7. bxc3 cxd4 8.
cxd4 Bb4+ 9. Bd2 Bxd2+ 10. Qxd2 O-O 11. Bc4 Nc6 12. O-O b6 13. Rad1 Bb7 14.
Rfe1 Qf6 ({The mainline is} 14... Rc8) ({After} 14... Ne7 15. d5 {White leaves
with advantage:} exd5 16. exd5 Nf5 17. Ne5 Nd6 18. Nc6 $3 Bxc6 19. dxc6 Nxc4
20. Qf4 Nd6 21. Rxd6 Qc7 22. g3 $18 {1-0 Petrosian,T-Kortschnoj,V/Ciocco 1977/
Candidates (37)}) 15. d5 (15. Bb5 Rfd8 16. Bxc6 Bxc6 17. d5 exd5 18. e5 Qe7 19.
Nd4 Bd7 20. f4 Rac8 21. f5 Rc4 22. f6 $16 {1-0 Kelecevic,N-Bellini,F/Mendrisio
1986/EXT 97 (27)}) (15. e5 $6 Qh6 16. Ng5 Nxd4 17. Nxf7 Qg6 18. Ng5 Rad8 19.
Qe3 (19. Bd3 Nf5 20. Ne4 Nh4 $19 {0-1 Yanin,P-Kharitonov,A/Podolsk 1993/EXT 98
(25)}) 19... b5 20. Bd3 Nf5 21. Qf4 h6 $132) 15... Na5 16. Bd3 e5 $2 {This
move is the source of difficulties. Black stops Attack but allows activity on
the opposite side.} ({The best chance is} 16... exd5 {and now} 17. e5 Qe7 ({Not
} 17... Qh6 18. Qxh6 gxh6 {[%csl Rh6]} 19. Nd4 Rfe8 20. Nf5 $16 {1-0 Matlak,
M-Luczak,A/Porabka 1986/EXT 97 (72)}) 18. Nd4 g6 19. f4 f6 {This position is
complicated, requres further investigations.}) 17. Qc3 $16 {[%csl Gd5,Re5]}
Rfe8 18. Bb5 Re7 19. Qb4 Rd8 20. Rc1 Qd6 21. a3 g6 22. Nd2 f6 {Black has no
active plan and needs to wait for White's operations.} 23. Rc3 Rf7 24. Rec1 Qb8
(24... f5 25. f3 $16) 25. f3 Kg7 26. a4 h5 27. Nc4 Nxc4 28. Rxc4 f5 29. Qc3 Qd6
30. Rc7 (30. f4 Kf6 31. Qb2 $18 {[%csl Rd6][%cal Gc4c6]}) 30... Rdf8 31. f4
fxe4 (31... Qxc7 32. Qxc7 Rxc7 33. Rxc7+ Rf7 34. Rxf7+ Kxf7 35. fxe5 fxe4 36.
Bc4 $18) 32. fxe5 Qxc7 33. Qxc7 Rxc7 34. Rxc7+ Rf7 35. d6 (35. Rxf7+ Kxf7 36.
Bc4 $18) 35... Rxc7 36. dxc7 Bc8 37. e6 Bxe6 38. Ba6 Kf6 39. Kf2 1-0

[Event "FRA-chT Gp-A"]
[Site "France"]
[Date "2003.04.05"]
[Round "6.1"]
[White "Rotstein, Arkadij"]
[Black "Rausis, Igors"]
[Result "1/2-1/2"]
[WhiteElo "2544"]
[BlackElo "2537"]
[Annotator "Tsesarsky,I"]
[PlyCount "109"]
[EventDate "2003.01.31"]
[EventType "team"]
[EventRounds "7"]
[EventCountry "FRA"]
[SourceTitle "CBM 095"]
[Source "ChessBase"]
[SourceDate "2003.07.25"]
[SourceVersion "1"]
[SourceVersionDate "2003.07.25"]
[SourceQuality "1"]
[WhiteTeam "Monaco"]
[BlackTeam "Gonfreville"]
[WhiteTeamCountry "FRA"]
[BlackTeamCountry "FRA"]

1. c4 ({Opening position which will be created in this game after 10...Qd6 is
more likely to be created in Sicilian Defence 2.c2-c3:} 1. e4 c5 2. c3 Nf6 3.
e5 Nd5 4. d4 cxd4 5. Nf3 Nc6 6. Bc4 e6 7. cxd4 d6 8. O-O Be7 9. exd6 Qxd6 10.
Nc3 O-O 11. Re1 {This position will be created in this game with White's move.}
Nxc3 (11... Rd8 12. Bb3 (12. Ne4 Qc7 13. Bd3 b6 14. Bg5 Bb7 15. Rc1 h6 16. Bd2
Rac8 17. Ne5 $132 {Nystrom,R-Ernst,T/Stockholm 2000/CBM 74 ext/1/2-1/2 (122)})
12... Nf6 (12... a6 13. Qe2 b5 14. Bg5 Bxg5 15. Nxg5 h6 16. Nf3 Nxc3 17. bxc3
Bb7 $132 {1/2-1/2 Sermek,D-Kozul,Z/Pozega 2000/EXT 2001 (22)}) (12... Nxc3 13.
bxc3 {-see commented game 1-0 Brynell,S-Golubovic,B/Leon 2001/CBM 86[Rogozenko,
D] (29)}) (12... b6 13. Nxd5 exd5 14. Ne5 Nxe5 15. Bf4 Be6 16. Bxe5 Qd7 17. Qd3
$14 {1/2-1/2 Godena,M-Jakovenko,D/St Vincent 2002/CBM 86 ext (65)}) 13. Nb5 (
13. Be3 b6 14. Qe2 Bb7 15. Rad1 Na5 16. Bc2 Rac8 17. Ne5 Nc6 18. Ne4 $132 {
1/2-1/2 Emms,J-Moiseenko,A/Bled 2002/EXT 2003 (23)}) 13... Qd7 14. Bf4 a6 (
14... Ne8 15. Ng5 Nxd4 16. Nxd4 Qxd4 17. Qh5 Bxg5 18. Bxg5 Nf6 $44 {1-0 Ristic,
N-Borgo,G/Cutro 2000/CBM 77 (55)}) 15. Nc7 Ra7 16. d5 exd5 17. Rc1 Bf8 (17...
h6 18. Ne5 {-see commented game 0-1 Altounian,L-Wojtkiewicz,A/San Francisco
2001/CBM 82 [Rogozenko,D](44)}) 18. Ne5 Qf5 $5 (18... Qxc7 19. Nxc6 Qxf4 20.
Nxd8 Bg4 21. f3 $16 {1-0 Rausis,I-Lechtynsky,J/Osterskars 1995/EXT 97 (31)})) (
11... a6 12. Bg5 (12. Bb3 Rd8 13. Qe2 b5 14. Ne4 Qb8 15. Bg5 Ra7 $132 {1/2-1/2
Godena,M-Vancini,E/Bratto 2001/EXT 2002 (24)}) (12. Ne5 Nxc3 13. bxc3 Nxe5 14.
Rxe5 Bf6 15. Re3 Bd7 $11 {0-1 Karlovich,A-Sharapov,E/St Petersburg 2002/EXT
2003 (43)}) 12... Bxg5 13. Nxg5 Nb6 14. Qd3 g6 15. Qh3 h5 16. Bb3 Qxd4 17. Rad1
e5 (17... Qf4 18. Nce4 $44) 18. Rxd4 Bxh3 19. Rd6 Bf5 20. Rf6 Nd7 21. Rxf7 Rxf7
22. Nxf7 Kg7 $14 {1/2-1/2 Onishchuk,V-Krupko,A/Evpatoria 2001/EXT 2003 (50)}) (
11... Nf6 12. Bg5 Rd8 13. Nb5 Qd7 14. Ne5 Nxe5 15. dxe5 Ne8 16. Qxd7 Rxd7 17.
Bxe7 Rxe7 18. Red1 Bd7 $14 {1/2-1/2 Filipovic,B-Gallagher,J/SUI 2002/EXT 2003 
(34)}) (11... Bd7 12. Bb3 Rac8 13. Nxd5 exd5 14. Ne5 Be6 15. Bf4 Qb4 16. Nxc6
bxc6 $11 {.. 0-1 Ristic,N-Damljanovic,B/Budva 2002/EXT 2003 (61)}) 12. bxc3 b6
13. h4 (13. Bd3 Bb7 14. Qe2 Rac8 (14... Qd5 15. Be4 Qh5 16. Bd2 Na5 17. Bxb7
Nxb7 18. c4 $132 {1-0 Landenbergue,C-Milov,V/SUI 2000/EXT 2001 (82)}) 15. Bd2
Rfe8 16. h4 Qd5 17. Be4 Qh5 18. Bg5 Bf8 19. Rac1 h6 20. Bd2 Na5 21. Bxb7 Nxb7
22. Qa6 Nd6 23. c4 $132 {0-1 Schandorff,L-Rausis,I/Copenhagen 1995/CBM 48 (62)}
) (13. Ng5 Na5 (13... h6 14. Ne4 Qc7 15. Bd3 {1-0 Andersson,B-Ottenklev,N/SWE
2002/EXT 2003 (24)}) 14. Bd3 Bxg5 15. Bxg5 Bb7 16. Bf6 $1 $16 {1-0 Rausis,
I-Yrjola,J/Jyvaskyla 1996/EXT 98 (38)}) 13... Bb7 14. Ng5 Bxg5 15. Bxg5 Rfc8
16. Bd3 Ne7 17. Rc1 $132 {1-0 Dorfman,J-Zaichik,G/Beltsy 1979/MCD (38)}) 1...
c6 2. e4 d5 3. exd5 Nf6 4. Nc3 cxd5 5. cxd5 Nxd5 6. Nf3 Nc6 7. Bc4 e6 8. O-O
Be7 9. d4 O-O 10. Re1 Qd6 {If we compare this position with the same one from
Sicilian 2.c2-c3 opening, we can reveal the difference: here is White's move.
In Sicilian one is Black's move!} 11. Qd3 (11. Ne4 Qd7 12. Bg5 Rd8 13. Rc1 h6
14. Bxd5 Qxd5 15. Bxe7 Nxe7 16. Ne5 f6 (16... Qxd4 17. Qh5 Rf8 18. b3 $44) 17.
Rc7 Bd7 (17... fxe5 18. Rxe7 Qa5 19. d5 $1 exd5 (19... Rxd5 20. Nf6+ $18) 20.
Nc3 $18) 18. Qg4 Kh7 19. Nc3 Qd6 20. Rxd7 Rxd7 21. Nxd7 Qxd7 22. Qxe6 $18 (22.
Rxe6 $4 f5 23. Qe2 Nc6 $11 {[%csl Rd4] 1/2-1/2 Stein,L-Tal,M/Parnu 1971/EXT
2001 (52)})) (11. Bb3 Nxc3 12. bxc3 b6 13. Ng5 Bxg5 14. Bxg5 Ba6 15. Re3 (15.
Qg4 Bd3 $14) 15... h6 16. Bh4 $40 {1-0 Hansen,S-Hoffmann,M/Germany 1999/EXT
2000 (25)}) 11... Rd8 {As you have seen above, Rausis has an experience of
playing this kind of position by both colours.} 12. Ng5 {Now the game goes
into irrational complicated stage.} (12. Nxd5 exd5 13. Bb5 Re8 14. Bd2 Bd7 $11)
(12. Bb3 $6 Ndb4 {[%csl Rd4]}) 12... Bxg5 13. Bxg5 f6 14. Ne4 Qf8 15. Bh4 Nf4 (
15... Ndb4 16. Qc3 Rxd4 17. Bg3 $44) 16. Qc3 ({Interesting was} 16. Qe3 Ng6 17.
Bg3 Nxd4 18. Qc3 {[%cal Gg3c7]} Kh8 19. f4 (19. Bc7 Rd7 20. Ba5 b6 21. Bb4 Qd8
$17) 19... Nf5 20. Rad1 Nxg3 (20... e5 21. fxe5 Nxg3 22. Nd6 $16) 21. hxg3 e5
22. Qa3 Rxd1 23. Qxf8+ Nxf8 24. Rxd1 $44) 16... Qb4 $2 $14 {Badly.} (16... Rxd4
$142 17. Rad1 Nd5 18. Bxd5 Rxd1 19. Rxd1 exd5 20. Rxd5 Be6 $15 {[%csl Ra2]})
17. Qg3 $2 ({Why not} 17. a3 $1 Qe7 (17... Qxc3 18. bxc3 $16) 18. Rad1 $14)
17... Ng6 (17... Qxc4 18. Nxf6+ Kh8 19. Qxf4 Rxd4 20. Ne4 e5 21. Qf8+ Qg8 22.
Qxg8+ Kxg8 23. f3 $11) 18. Bd3 $2 $17 (18. b3 Rxd4 19. Nxf6+ gxf6 20. Bxf6 Rf4
21. Bc3 Qe7 22. Rad1 $13) 18... Rxd4 19. Bxf6 $2 $19 {This piece sacrifice
leads to lost position.} (19. a3 $142 Qe7 $17) 19... gxf6 20. Nxf6+ Kf7 $5 ({
Very strong looks} 20... Kg7 {as well} 21. Ne8+ (21. Nh5+ Kh8 $19) 21... Kh8
22. a3 (22. Bxg6 Rg4 $1 $19) 22... Qe7 23. Bxg6 Bd7 $1 $19) 21. Nxh7 Rg4 22.
Ng5+ Kg7 $2 $17 ({Wy not} 22... Kg8 23. Qe3 Nf4 24. Bh7+ Kg7 25. Be4 e5 $19)
23. Qc7+ Qe7 24. Qxe7+ Ncxe7 25. Bxg6 (25. Nxe6+ Bxe6 26. Rxe6 Rxg2+ 27. Kxg2
Nf4+ 28. Kf3 Nxe6 29. Re1 Kf6 $19) 25... Nxg6 26. Ne4 (26. Nf3 $17) 26... Nh4
27. Ng3 Kf7 $2 $44 ({In order to retain the advantage it is necessary to play} 
27... Rd4 28. Red1 Rxd1+ 29. Rxd1 e5 30. Rd8 Nxg2 31. Nf5+ Bxf5 32. Rxa8 Be4
$17) 28. Rac1 Rd4 29. Re4 (29. Rc7+ $143 $6 Rd7 30. Rec1 Rxc7 31. Rxc7+ Kg6 32.
f4 b6 33. Ne4 Ba6 34. Kf2 Rd8 35. Rxa7 Bc4 36. g3 Nf5 37. b3 Bd5 38. Nc3 Bh1
$15) 29... Rxe4 30. Nxe4 Bd7 (30... Kg6 31. Nd6 Bd7 32. Nxb7 e5 33. f3 $11) 31.
Rc7 Ke7 32. Nc5 (32. Rxb7 Rc8 33. h3 $11) 32... Kd6 33. Rxd7+ Kxc5 34. Rxb7 Rd8
35. h3 {Position is equal, but if Black will try to win it or will play
passive game - it may give to Wite some chances.} Rd1+ (35... a5 36. Ra7 Kb6
37. Re7 Rd6 $11) 36. Kh2 Rd2 37. b4+ (37. Rxa7 Rxb2 38. g4 Ng6 39. Kg3 e5 40.
h4 Rb1 41. h5 Rg1+ $11) 37... Kc4 38. Rxa7 Nf5 39. g4 Nd6 40. Kg2 (40. g5 Rxf2+
41. Kg3 Ne4+ 42. Kg4 Kxb4 $11) 40... Ne4 41. Rf7 Rxa2 42. h4 Kd5 $4 $18 {
Probably decisive mistake.} (42... Nd6 $142 43. Rf4+ Kd5 44. h5 Ra8 $14) 43. h5
Ng5 44. Rg7 Ne4 45. Rf7 ({Wins} 45. h6 Rxf2+ 46. Kg1 Rf8 (46... Rf3 47. h7 Rh3
48. Kg2 Rh6 49. b5 $3 Kc5 (49... Ke5 50. b6 Nd6 51. g5 Rh4 52. g6 Kf6 53. Rg8
$18) 50. b6 Kxb6 51. Rg6 Rxh7 (51... Rxg6 52. h8=Q $18) 52. Rxe6+ Kc5 (52...
Kc7 53. Rxe4 Kd6 54. Kg3 $18) 53. Rxe4 $18) 47. g5 Rh8 48. h7 Nd2 49. Kf2 (49.
Rd7+ Kc6 50. g6 (50. Rxd2 Rxh7 51. Rg2 Rg7 52. g6 Kd6 53. Kf2 Ke7 54. Ke3 Kf8
55. Kd4 $18)) 49... Nc4 50. b5 $18) 45... Ng5 46. Rf8 $4 $11 {White drops his
advantage.} ({Still wins} 46. Rg7 Ne4 47. h6 $18) 46... Rb2 47. h6 (47. Rg8 Nh7
48. Rg7 Rxb4 49. Rxh7 Rxg4+ 50. Kf3 Rh4 51. Kg3 Rh1 $44) 47... Rxb4 48. f3 Rb7
49. Rg8 Nh7 50. g5 Ke5 51. Rg7 Rb2+ 52. Kg3 Kf5 53. f4 e5 54. Rf7+ Kg6 55. Rg7+
1/2-1/2

[Event "FRA-chT Gp-A"]
[Site "France"]
[Date "2003.02.02"]
[Round "3"]
[White "Rotstein, Arkadij"]
[Black "Marcelin, Cyril"]
[Result "1-0"]
[WhiteElo "2544"]
[BlackElo "2503"]
[Annotator "Tsesarsky,I"]
[PlyCount "155"]
[EventDate "2003.01.31"]
[EventType "team"]
[EventRounds "7"]
[EventCountry "FRA"]
[SourceTitle "CBM 094"]
[Source "ChessBase"]
[SourceDate "2003.05.26"]
[SourceVersion "1"]
[SourceVersionDate "2003.05.26"]
[SourceQuality "1"]
[WhiteTeam "Monaco"]
[BlackTeam "Noyon"]
[WhiteTeamCountry "FRA"]
[BlackTeamCountry "FRA"]

1. c4 e6 2. Nf3 Nf6 3. Nc3 d5 4. d4 c5 5. cxd5 Nxd5 6. e4 Nxc3 7. bxc3 cxd4 8.
cxd4 Bb4+ 9. Bd2 Bxd2+ 10. Qxd2 O-O 11. Bc4 Nd7 12. O-O b6 13. Rfe1 Bb7 14. a4
Qf6 (14... Rc8 15. Bd3 a5 (15... e5 16. d5 Nc5 {-see commented game 1-0 Gulko,
B-Lima,D/Istanbul 2000/EXT 2001 [Tsesarsky,I](31)}) 16. h3 Qe7 17. Rab1 $14 {
1/2-1/2 Beliavsky,A-Magem Badals,J/Linares 2002/CBM 87 ext (60)}) (14... Qc7
15. Rac1 Qd8 {-see commented game 1-0 Sturua,Z-Del Rio Angelis,S/Linares 2001/
CBM 81[Tsesarsky,I] (41)}) 15. a5 Rfd8 16. Qe3 {[%mdl 12] This move is novelty.
White doesn't capture on b6 in order to avoid position simplifying.} (16. axb6
{-premature.} axb6 17. Rxa8 Rxa8 18. h3 h6 19. Bd3 Qe7 20. Qf4 Nf6 $11 {
1/2-1/2 Dreev,A-Kortschnoj,V/Biel 2002/CBM 91 (22)}) 16... Rac8 $2 $16 ({
Probably better was} 16... Rab8 $14) 17. Bb5 Bc6 (17... Qe7 18. axb6 axb6 19.
Ra7 $16 {[%cal Ga7e7]}) 18. Ba6 $1 Rb8 19. Rec1 {White was lucky to organize
strong initiative.} Bb7 20. Bxb7 Rxb7 21. a6 $1 Rbb8 22. Rc7 Ra8 23. e5 Qg6 24.
Qa3 {[%cal Ga3e7]} Nf8 25. Qe7 {[%csl Ra7]} Re8 26. Qg5 Rec8 $2 $18 {Decisive
mistake.} ({More stubborn was} 26... h6 27. Qf4 Rec8 28. Rb7 Nh7 29. h4 $16)
27. Rac1 Rxc7 28. Rxc7 Qd3 29. h4 h6 30. Qf4 {[%csl Rf7]} Qg6 31. Kh2 (31. Nd2
{[%csl Rf7][%cal Gd2e4,Ge4d6]} Qf5 32. Qxf5 exf5 33. d5 Rd8 34. d6 $18) 31...
f5 32. exf6 Qxf6 33. Qxf6 gxf6 34. Kg3 {[%csl Ra7,Gc7]} Ng6 (34... Kh8 35. Kg4
$18) 35. h5 (35. Kg4 $18 {[%csl Rg6,Rh6][%cal Gg4h5]}) 35... Nh8 36. Nd2 (36.
Re7 b5 37. Rxe6 $18) 36... Nf7 37. Nc4 $6 (37. Ne4 f5 38. Nf6+ Kf8 39. Kf4 $18)
37... b5 38. Na5 Nd6 39. Nc6 b4 40. Rb7 $5 Nf5+ $6 (40... Kf8 $5 41. Rxb4 Ke8
$16) 41. Kf4 Nxd4 42. Nxd4 {This exchange combination doesn't make Black's
defence easier.} e5+ 43. Ke4 exd4 44. Kxd4 Rd8+ (44... Rc8 45. Rxb4 Rc2 46. Rb7
Rxf2 47. Rxa7 Ra2 48. Kd5 $18) 45. Kc4 Rd6 46. Rxa7 Rb6 47. Kb3 Kh8 48. Ra8+
Kg7 49. a7 Ra6 50. Kxb4 Ra1 51. Kc5 Rc1+ 52. Kd5 Rd1+ 53. Ke4 Re1+ 54. Kf4 Ra1
55. Kf5 Ra2 56. f4 Ra1 57. Rd8 Rxa7 58. Ke6 Ra2 59. Rd7+ Kg8 60. g4 Rg2 61. Kf5
Rg1 62. Rd6 Kg7 63. Rxf6 Rxg4 64. Kxg4 Kxf6 65. Kg3 Kf5 66. Kf3 Kf6 67. Ke4 Ke6
68. f5+ Kf6 69. Kf4 Kf7 70. Ke5 Ke7 71. f6+ Kf8 72. Kf4 Kg8 73. Ke4 Kf8 74. Ke5
Ke8 75. Ke6 Kf8 76. f7 Kg7 77. Ke7 Kh7 78. Ke8 1-0

[Event "Bundesliga 0203"]
[Site "Germany"]
[Date "2003.03.09"]
[Round "13.5"]
[White "Wahls, Matthias"]
[Black "Doettling, Fabian"]
[Result "1/2-1/2"]
[WhiteElo "2539"]
[BlackElo "2539"]
[Annotator "Tsesarsky,I"]
[PlyCount "106"]
[EventDate "2002.10.19"]
[EventType "team-tourn"]
[EventRounds "15"]
[EventCountry "GER"]
[SourceTitle "CBM 094"]
[Source "ChessBase"]
[SourceDate "2003.05.26"]
[SourceVersion "1"]
[SourceVersionDate "2003.05.26"]
[SourceQuality "1"]
[WhiteTeam "Hamburger SK"]
[BlackTeam "Baden Oos"]
[WhiteTeamCountry "GER"]
[BlackTeamCountry "GER"]

1. e4 c6 (1... c5 2. Nf3 d6 3. Bc4 e6 4. O-O Nf6 5. d3 Be7 6. c3 d5 7. exd5
Nxd5 8. d4 cxd4 9. cxd4 O-O 10. Nc3 Nc6 11. Re1 Bf6 12. Ne4 h6 13. a3 Nce7 14.
Qd3 Bd7 15. Bd2 Bc6 16. b4 Ng6 17. b5 Ndf4 18. Qe3 Bxe4 19. Qxe4 Rc8 20. Rac1
$16 {1-0 Barle,J-Cesareo,F/Geneve 1999/CBM 68 ext (47)}) 2. c4 d5 3. exd5 cxd5
4. cxd5 Nf6 5. Nc3 Nxd5 6. Nf3 e6 7. Bc4 Be7 8. O-O O-O 9. d4 Nc6 10. Re1 Bf6
11. Ne4 h6 (11... b6 {-the mainline.}) 12. a3 (12. Be3 b6 13. Qa4 Bb7 14. Rac1
a6 15. Bxd5 exd5 16. Nxf6+ Qxf6 17. Qb3 Na5 18. Qb4 Rfc8 19. b3 Qd8 20. Qd2
Rxc1 21. Rxc1 Rc8 $11 {1-0 Stahlberg,G-Sliwa,B/Prague 1954/EXT 98 (40)}) (12.
Qd3 Na5 13. Bb5 Bd7 14. Bxd7 Qxd7 15. Ne5 Qd8 16. Nxf6+ Nxf6 17. Re3 Qd5 18.
Rg3 Kh8 19. Rh3 Nc6 20. Bxh6 $11 {1/2-1/2 Wirthensohn,H-Giertz,N/SUI 1993/TD 
(37)}) (12. Bxd5 exd5 13. Nxf6+ Qxf6 14. h3 Bf5 $11 {0-1 Vaaramo,J-Jarvinen,R/
FIN 2002/EXT 2003 (36)}) 12... b6 (12... Nb6 13. Bd3 Bxd4 14. Nxd4 Nxd4 15. Bf4
$44 {1/2-1/2 Olafsson,F-Clarke,P/Hastings 1956/EXT 98 (43)}) (12... Nce7 13.
Qd3 Bd7 14. Bd2 Bc6 15. b4 {-like in mentioned above game 1-0 Barle,J-Cesareo,
F/Geneve 1999/CBM 68 ext (47)}) 13. Qd3 Bb7 14. Ba2 (14. Bd2 Rc8 (14... Nce7
15. Rad1 Nf5 16. Ba2 (16. Ne5 Be7 $132 (16... Rc8 17. Nxf6+ Nxf6 18. Nxf7 Rxf7
19. Bxe6 Nxd4 20. Bxf7+ Kxf7 21. Bb4 $16 {1-0 Kokkila,T-Karttunen,M/Tampere
1998/EXT 99 (57)})) 16... a5 17. Bb1 Ba6 18. Qc2 Rc8 19. Nc3 g6 20. Qe4 Bb7 21.
Qd3 Bg7 $15 {0-1 Poluljahov,A-Ruban,V/Moscow 1994/CBM 45 ext (38)}) 15. Rad1
Nce7 16. Nxf6+ Nxf6 17. Ne5 Bd5 18. Ba6 Rc7 19. Qh3 $11 {1/2-1/2 Sokolov,
A-Doettling,F/Germany 2002/EXT 2003 (41)}) (14. Bb3 Nce7 15. Bc2 Ng6 16. Ne5
Bxe5 17. dxe5 Ndf4 18. Qxd8 Rfxd8 19. Bxf4 Nxf4 20. Red1 $11 {1/2-1/2 Blehm,
P-Doettling,F/Patras 1999/CBM 72 ext (24)}) 14... Nce7 15. Bb1 Ng6 16. Ne5 Bxe5
17. dxe5 Rc8 ({Quite strong was} 17... Ndf4 {-like in mentioned above game
with 14.Bb3 instead of 14.Ba2.} 18. Qf3 Qh4 19. Bxf4 Qxf4 20. Qxf4 Nxf4 21. g3
Nh3+ 22. Kf1 Ng5 $11) ({Dubious is} 17... Nxe5 $6 {in view of} 18. Qg3 {
[%csl Re5,Rh6]} Ng6 19. Nd6 {[%csl Rb7,Rg6]} Qd7 20. Bxg6 fxg6 21. Bxh6 $1 $16)
18. Nd6 Rxc1 $6 {Exchange sacrifice isn't good decision based on wrong
variatios calculation.} (18... Rc7 19. Qg3 Qh4 20. Qxh4 Nxh4 21. Be4 Rd8 22. g3
Ng6 23. f4 f5 24. Bf3 Nge7 $14 {White has steady advantage because of space
and pair of BB.}) 19. Rxc1 Ndf4 20. Nxb7 $1 {a simple refutation of Black's
strategy.} Nxd3 21. Nxd8 Nxc1 22. Nxe6 Rc8 23. Bf5 $2 $15 ({Why not} 23. Bxg6 {
and White leaves with slight edge:} fxg6 (23... fxe6 24. g3 $16) 24. f4 Nd3 $6
(24... a6 25. b4 Kf7 26. Nd4 Nd3 27. g3 Rc4 28. Ne2 Rc2 29. Rd1 Nb2 30. Nd4 (
30. Rd7+ Ke8 31. Rxg7 Rxe2 32. Rxg6 Nc4 33. Rxh6 $14) 30... Rc3 $14) 25. Rd1
Kf7 26. Rxd3 Kxe6 27. g4 $16) 23... Rc4 (23... Ne7 {leads to equal game only.}
24. Nd4 Rc4 25. Bc2 Ne2+ 26. Nxe2 Rxc2 $11) 24. Bxg6 fxg6 25. g3 Kf7 26. Nf4 g5
27. Nd5 (27. Ng2 Ke6 28. Ne3 {-Like in this game.}) 27... Ke6 28. Ne3 Rc8 29.
a4 (29. b4 Kxe5 30. b5 $15) 29... Kxe5 30. Ra3 (30. b4 Ke4 31. b5 Nd3 32. Kg2
Rc3 33. Ra2 $15) 30... Ke4 31. Kg2 $2 $17 ({Right was} 31. Nf1 {[%cal Ga3e3]
in order to activate the bad Ra3.} Kd4 32. Re3 Nd3 33. Re7 Nxb2 $15) 31... Nd3
{[%csl Ra3]} 32. a5 b5 $1 33. a6 $6 $19 (33. Rc3 $6 Rxc3 34. bxc3 Nc5 $19) ({
The only possibility of resistance was} 33. Nf5 Rd8 34. g4 (34. Nxg7 Rf8 35.
Kg1 b4 36. Rb3 Rc8 $19) 34... g6 35. Ng3+ Kf4 36. h3 $17) 33... Rc5 (33... b4
34. Ra2 Rc1 $19) 34. Nd1 b4 35. Ra4 Rc2 (35... g4 $19) 36. Nc3+ Ke5 (36... Kd4
37. Nb5+ Kc5 38. Nxa7 Rxf2+ 39. Kg1 Rf8 $19 {[%csl Ra7]}) 37. Ra5+ Ke6 38. Nb5
Rxf2+ $2 $17 (38... Rxb2 $2 $17 39. Nxa7 (39. Nd4+ Kf6 $19) 39... Rxf2+ 40. Kg1
b3 41. Nb5 b2 42. Na3 Rf8 43. a7 Ra8 44. Nb1 Kd6 45. Rb5 Rxa7 46. Rb3 $17) (
38... Rc5 $1 {The best} 39. Nd4+ Kd5 40. Rxc5+ Kxc5 $19 {[%csl Ra6,Rb2,Gc5,Rg2]
}) 39. Kg1 Rf7 40. Nd4+ Kd6 41. Rb5 Rd7 42. b3 Kc7 $2 $44 {Tempo loss} ({
Strong was} 42... g4 43. Nc2 Kc6 44. Rb8 Kc5 45. Rb7 Ne5 46. Ne1 (46. Nxb4 Rd2
47. Kf1 Rxh2 $19) 46... g5 47. Kf1 Rxb7 48. Nd3+ Kb6 49. axb7 Nc6 50. Nxb4 Kxb7
$17) 43. Nc2 {[%csl Rb4]} Kc6 44. Rb8 Kc5 45. Rb7 Ne5 46. Nxb4 Rd2 {This
position could be created with black Pg4 instead of g5.} 47. h3 $1 {Of course.}
Rb2 48. Rxa7 Kxb4 49. Rb7+ Kc5 50. b4+ Kd6 51. a7 Ra2 52. b5 Nc4 53. b6 Kc6 (
53... Kc6 54. Rc7+ Kxb6 55. Rxc4 Rxa7 $44) 1/2-1/2